Statistics for Guessing the Culture of Random People Quiz

Click here to take the quiz!

General Stats

  • This quiz has been taken 66 times
  • The average score is 6 of 7

Answer Stats

Answer% Correct
Russian
97%
Japanese
92%
Indian
89%
French
87%
Chinese
86%
Spanish
79%
Arabic
27%

Score Distribution

Percentile by Number Answered

Percent of People with Each Score

Your Score History

You have not taken this quiz